| 000 | 01035nam a2200277Ia 4500 | ||
|---|---|---|---|
| 003 | OSt | ||
| 005 | 20221005104030.0 | ||
| 006 | a|||||r|||| 00| 0 | ||
| 007 | ta | ||
| 008 | 221004b |||||||| |||| 00| 0 san d | ||
| 020 |
_a9788189469955 (hbk) _c700 |
||
| 024 | _a24601 | ||
| 037 |
_b218/A, 26/12/2015, Vidyanidhi Prakashan _cTextual |
||
| 040 |
_aCRL _cCRL _bsan |
||
| 041 |
_2san _asan |
||
| 082 | _aQ127:4x1,1, 152Q5.3 | ||
| 100 | _aकात्यायन | ||
| 245 | 0 | _aकात्यायन श्रौतसूत्र | |
| 246 | _aKātyāyan shrautasūtra | ||
| 260 |
_aदिल्ली _bचौखम्बा ओरियन्टालिया भारत _c2015 |
||
| 300 |
_a866पृ0 _ccm. |
||
| 490 |
_vभाग 3 _aगोकुलदास संस्कृत ग्रंथमाला; 116 |
||
| 650 | _aधर्म | ||
| 942 |
_hQ127:4x1,1, 152Q5.3 _cTEXL _2cc |
||
| 999 |
_c1011540 _d1011540 |
||